000 00417nam a2200169Ia 4500
001 8943
003 IN-NITTTR
005 20251114233043.0
008 251113s9999||||xx |||||||||||||| ||eng||
040 _beng
040 _cIN-NITTTR
041 _aeng
082 _aR621.317 M619H
100 _aMillermaster, Ralph A.
245 0 _aHardwood's control of electric motors /
_cMillermaster, Ralph A.
942 _2ddc
_cBK
999 _c11580
_d11580